Zoomed in country flags #4 - Statistics

General Stats
  • This quiz has been taken 67 times
    49 since last reset
  • The average score is 8 of 8
Answer Stats
Picture Answer % Correct
Greece
100%
Jamaica
100%
Pakistan
100%
South Africa
100%
South Korea
100%
Bangladesh
98%
Nigeria
98%
Barbados
93%
No matching quizzes found
Score Distribution
Percent of People with Each Score
Percentile by Number Answered
Your Score History
You have not taken this quiz since the last reset